Представление документа в формате RUSMARC

Поле Инд. ПП Название Значение
Тип записи a
Библиографический уровень a
001 Контрольный номер f0ae4b734ede492fa70157a55acace72
005 Дата корректировки 20181120134554.7
100 a Данные общей обработки 20180918 ||| 0rusy0189 ca
101 0_ a Язык текста rus
102 a Страна публикации RU
200 1_ f Первые сведения об ответственности В.И. Матейчук
a Заглавие Законодательная конструкция, терминология, процессуальные сроки апелляции и отмены судебного приказа в административном судопроизводстве
b Общее обозначение материала Текст
210 d Дата издания 2018
461 _0 1 2000
a Российский судья
463 _0 1 2000
a №6
v С. 52-56
1 2101
d 2018
1 00149cb462060434d60b673f504c328f302
606 a Основная рубрика Гражданское процессуальное право
610 0_ a Ключевые слова АДМИНИСТРАТИВНОЕ СУДОПРОИЗВОДСТВО
a Ключевые слова АПЕЛЛЯЦИОННОЕ ПРОИЗВОДСТВО
a Ключевые слова СРОКИ
a Ключевые слова ПРИКАЗНОЕ ПРОИЗВОДСТВО
700 _1 a Фамилия Матейчук
b Имя В.И.
801 _0 a Страна RU
b Организация РГУП
c Дата составления 20180918
g Правила каталогизации PSBO
801 _1 a Страна RU
b Организация РГУП
c Дата составления 20180918
g Правила каталогизации PSBO
901 t Тип документа b
w Контрольный № источника 49cb462060434d60b673f504c328f302
905 a Дата ввода 20180918